Social Policies at the crossroads /

Tallennettuna:
Bibliografiset tiedot
Päätekijä: Marcuello-Servós, Chaime
Aineistotyyppi: Teksti
Tagit: Lisää tagi
Ei tageja, Lisää ensimmäinen tagi!

MARC

LEADER 00000 a a2200000 04500
001 47205
003
040
100 |a Marcuello-Servós, Chaime  
245 |a Social Policies at the crossroads /  |c Chaime Marcuello-Servós  
773 |g volumen29, número5, (2014), páginas 384-387  
999 |c 38034  |d 38034